000 00770nam a2200181Ia 4500
003 GCL
008 140319s9999 xx 000 0 ara d
040 _aGCL /
_cGCL
082 0 4 _aط
_b398.02
_bم د
100 1 _aمؤسسة الايمان
245 1 0 _aمغامرات الجيل الضاحكة :
_bمج7 جحا والامتحان الصعب\مج8جحا وضيوفه\مج9جحا ذكى احيانا\مج10جحا قاضى الظل\مج11جحا الصامت\مج12 مدرسة جحا\مج15 جحا فارس الفرسان /
_cمؤسسة الايمان
260 _aبيروت :
_bدار الجيل
300 _aمتعدد ؛
_c22 سم
490 _aمغامرات الجيل الضاحكة
_v0
650 0 4 _aالاطفال
650 0 4 _aالقصص
942 _2ddc
_cBK
999 _c57205
_d57205